| 000 | 01513nam a22002537a 4500 | ||
|---|---|---|---|
| 001 | 9694 | ||
| 003 | FISKH | ||
| 005 | 20260129155941.0 | ||
| 008 | 260129b cb ||||| |||| 00| 0 eng d | ||
| 020 | _a9781786542267 | ||
| 040 |
_aFISKH _beng _cFISKH _dFISKH |
||
| 050 | _aPZ7 .B26225 .A | ||
| 082 | _a813.6 | ||
| 100 | _aBarnes, Jennifer Lynn | ||
| 245 |
_aAll in / _cJennifer Lynn Barnes |
||
| 250 | _aThis edition published in 2023 | ||
| 260 |
_aLondon : _bQuercus, _c2015 |
||
| 300 |
_a376 pages : _c20 cm |
||
| 490 |
_aThe Naturals : _vBook Three |
||
| 520 | _aAfter a string of brutal murders in Las Vegas, Cassie Hobbes and the Naturals are called in to investigate. But even with the team's unique profiling talents, these murders seem baffling: unlike many serial killers, this one uses different methods every time. All of the victims were killed in public, yet the killer does not show up on any security feed. And each victim has a string of numbers tattooed on their wrist. Hidden in the numbers is a code-and the closer the Naturals come to unraveling the mystery, the more perilous the case becomes. Meanwhile, Cassie is dealing with an equally dangerous and much more painful mystery. For the first time in years, there's been a break in her mother's case. As personal issues and tensions between the team mount, Cassie and the Naturals will be faced with impossible odds-and impossible choices. | ||
| 650 |
_aYoung adult _vMystery _xProfiling |
||
| 942 |
_2ddc _cBK _n0 |
||
| 999 |
_c9694 _d9694 |
||